Statistiken für Städte und Gemeinden im Landkreis Marburg-Biedenkopf mit Karte

Klicken Sie hier um das Quiz zu spielen!

Allgemein

  • Dieses Quiz wurde 85 mal gespielt
  • Das Durchschnittsergebnis liegt bei 12 aus 22

Antworten auf der Karte

Die Antworten werden auf der Karte rot bzw. grün angezeigt, abhängig davon wie oft sie richtig erraten wurden.
 

Antwortstatistiken

Stadt oder Gemeinde% Korrekt
Marburg
96%
Biedenkopf
89%
Cölbe
74%
Kirchhain
74%
Stadtallendorf
74%
Weimar
69%
Wetter
65%
Ebsdorfergrund
61%
Gladenbach
61%
Neustadt
57%
Amöneburg
56%
Fronhausen
56%
Lahntal
56%
Bad Endbach
43%
Lohra
43%
Münchhausen
43%
Dautphetal
41%
Wohratal
39%
Rauschenberg
35%
Breidenbach
33%
Steffenberg
31%
Angelburg
24%

Verteilung der Resultate

Perzentil nach korrekt beantworteten Fragen

Anzahl Personen mit jedem Resultat

Ihre Resultats-Entwicklung

Sie haben dieses Quiz noch nicht gespielt